Państwa Azji - jednominutowy sprint bez mapy - Statystyki

Ogólne statystyki
  • Ten quiz został rozwiązany 9 razy
  • Średni wynik to 26 z 48
Statystyki odpowiedzi
Państwo % Poprawnych
Japonia
100%
Chiny
88%
Indie
88%
Korea Północna
88%
Korea Południowa
88%
Armenia
75%
Irak
75%
Iran
75%
Jemen
75%
Malezja
75%
Oman
75%
Pakistan
75%
Afganistan
63%
Filipiny
63%
Gruzja
63%
Indonezja
63%
Katar
63%
Kuwejt
63%
Laos
63%
Mongolia
63%
Nepal
63%
Turcja
63%
Arabia Saudyjska
50%
Azerbejdżan
50%
Izrael
50%
Jordania
50%
Kambodża
50%
Kazachstan
50%
Liban
50%
Singapur
50%
Syria
50%
Turkmenistan
50%
Uzbekistan
50%
Wietnam
50%
Zjednoczone Emiraty Arabskie
50%
Bhutan
38%
Cypr
38%
Kirgistan
38%
Mjanma
38%
Sri Lanka
38%
Tajlandia
38%
Tajwan
38%
Bangladesz
25%
Brunei
25%
Malediwy
25%
Tadżykistan
25%
Bahrajn
13%
Timor Wschodni
13%
Nie znaleziono quizów pasujących do podanych kryteriów
Rozkład punktacji
Procent ludzi z każdym wynikiem
Percentyl według liczby udzielonych odpowiedzi
Twoja historia wyników
Nie rozwiązałeś tego quizu